| 000 | 00923nas a2200289 4500 | ||
|---|---|---|---|
| 001 | BR6007989 | ||
| 003 | BR-BrBNA | ||
| 005 | 20231205082045.0 | ||
| 007 | ta | ||
| 008 | 230509b bl.|||p| |||| 00| 00por d | ||
| 040 |
_aBR-BrBNA _bpor _cBiblioteca Nacional de Agricultura |
||
| 041 | _a(Pt) | ||
| 072 | _aL30 | ||
| 100 | 1 | _aAssis, A.G. de | |
| 100 | 1 | _aSouza, R.M. de | |
| 100 | 1 | _aVillaca, H. de A. | |
| 100 | 1 | _aMarcellino, A. | |
| 245 | 1 | _aEfeito de duas suplementacoes energetico proteicas, no desenvolvimento ponderal de novilhos mesticos em confinamento | |
| 650 | _aNUTRICAO ANIMAL | ||
| 650 | _aNOVILHO | ||
| 650 | _aSUPLEMENTO ENERGETICO | ||
| 650 | _aSUPLEMENTO PROTEICO | ||
| 650 | _aCONFINAMENTO | ||
| 773 | 0 |
_tPesquisa Agropecuaria Brasileira. Serie Zootecnia (Brazil) _xISSN 0304-372X _g(1976), v. 11(5) p. 13-16 _wBR6007989 |
|
| 909 |
_a202311 _bLúcia _c55 _dLúcia Elande |
||
| 942 |
_2AGRIS _n0 _cANA |
||
| 999 |
_c88877 _d88877 |
||